000 00905nam a2200289 a 4500
008
020 _a9781118686546 (paperback)
040 _aNUST
_cNUST
049 _aMAIN
090 _aGV706.4
_bSPO
245 1 0 _aSport and Exercise Psychology:
_bpractitioner case studies /
_c edited by Cotterill Stewart, Weston Neil and Breslin Gavin
260 _aUnited Kingdom :
_bWILEY,
_c2017
300 _axvii, 493 pages :
_billustrations ;
_c25 cm
336 _atext
_btxt
_2rdacontent
337 _aunmediated
_bn
_2rdamedia
338 _avolume
_bnc
_2rdacarrier
500 _aIncludes index.
650 _aPsychology.
650 1 _aSports
700 _aBreslin, Gavin.
700 _aWeston, Neil.
700 _aCotterill, Stewart.
907 _a.b1040837x
_b23-02-22
_c23-08-21
003
005 20230120144503.0
942 _cBOOKS
_kGV706.4
_mSPO
999 _c97742
_d97742